Utah Jazz Top 10 Leaders Playoffs - Statistics

General Stats
  • This quiz has been taken 324 times
    253 since last reset
  • The average score is 11 of 24
Answer Stats
Players % Correct
Karl Malone
100%
John Stockton
99%
Donovan Mitchell
90%
Rudy Gobert
89%
Rudy Gobert
89%
Mark Eaton
71%
Deron Williams
65%
Adrian Dantley
58%
Andrei Kirilenko
58%
Jeff Hornacek
58%
Carlos Boozer
52%
Greg Ostertag
44%
Joe Ingles
43%
Bryon Russell
42%
Paul Millsap
30%
Derrick Favors
28%
Darrell Griffith
25%
Rickey Green
25%
Thurl Bailey
20%
Greg Foster
14%
Antoine Carr
11%
Howard Eisley
9%
Blue Edwards
6%
Felton Spencer
4%
No matching quizzes found
Score Distribution
Percent of People with Each Score
Percentile by Number Answered
Your Score History
You have not taken this quiz since the last reset